000
00261nam a2200109Ia 4500
008
190216s9999||||xx |||||||||||||| ||und||
100
_a
Narayanan
245
0
_a
Vector Algebra And Analysis
260
_b
Viswanathan Pvt.Ltd
650
_a
Mathematics
942
_c
BK
999
_c
30794
_d
30794